| 000 | 00998cab a22002055a 4500 | ||
|---|---|---|---|
| 001 | L139667 | ||
| 008 | 070803s2007 xxkd f s 000 0 eng d | ||
| 035 | _a(Sirsi) u139667 | ||
| 041 | 0 | _aeng | |
| 100 | 1 | _aJenks, Mike | |
| 245 | 0 | 0 |
_aDefining the neighbourhood _bchallenges for empirical research |
| 260 | _c2007 | ||
| 490 |
_aTown Planning Review _v78(2) 2007, 155-177(25) |
||
| 520 | _aAttempts to define what is meant by the term neighbourhood, particularly for empirical research. While the term is often used as a viable and relevant setting, it is ambiguous and there is no consensus in definition. Refers to a review of existing interpretations of neighbourhood. Tests two objective methods of delineation. Compares objective mapping exercises against residents' perceptions. Concludes by examining the validity of the theory-based definitions. | ||
| 590 | _aKA | ||
| 651 | 4 |
_aUnited Kingdom _y |
|
| 690 |
_aPlanning and development _96259 |
||
| 700 | 1 | _aDempsey, Nicola | |
| 942 | _n0 | ||
| 999 |
_c79063 _d79063 |
||